000 00751npc a2200217Ia 4500
001 dd17-2527 [d000002661]
003 IT-MiCISF
008 161014s9999||||xx | und||
040 _aIT-MiCISF
_cIT-MiCISF
041 _aen
100 _aRosenmayr Hilde (a cura di)
240 _aFocus on Families Action and Issues Beyond IYF
245 0 _aFocus on Families Action and Issues Beyond IYF
_b5th International Seminar, Vienna 6-7 november 1995
250 _a1a ed.
260 _a Vienna
_bNGO Committee on the Family
_c1996
300 _app. 83
500 _a / famiglia, aif, società, cambiamenti-famiglia, associazioni, educazione-familiare, politica-familiare /
650 _afamiglia
942 _cDD
957 _71
999 _a2527
_bsi
_g1
_c208282
_d208282